Spongebob Locations #2 🍍 - Statistics

General Stats
  • This quiz has been taken 72 times
  • The average score is 9 of 24
Answer Stats
Picture Answer % Correct
Goo Lagoon
86%
Treedome
80%
Davy Jones' Locker
68%
Goofy Goobers
61%
Super Weenie Hut Jr's
61%
Shell City
54%
Spongehenge
52%
Barg'N-Mart
50%
Glove Universe
45%
Horned Forest
45%
Shady Shoals
41%
Angry Jack's Shell Emporium
30%
The Reef
27%
Bikini Bottom Mint
25%
S.S Cheapskate
20%
Toy Barrel
18%
Chum Caverns
16%
The Wash
14%
Bikini Bottom Triangle
13%
Brain Coral Fields
11%
The Krusty Klam
11%
Dead Eye Gulch
9%
Port-O-Head
9%
The Fly of Despair
9%
No matching quizzes found
Score Distribution
Percent of People with Each Score
Percentile by Number Answered
Your Score History
You have not taken this quiz